|
000
|
00800oam2 2200253 450
|
|
001
|
4817
|
|
005
|
20080805130435.0
|
|
010
|
|
@a978-7-80250-042-6@dCNY48.00
|
|
100
|
|
@a20080805d2008 em y0chiy0110 ea
|
|
101
|
0
|
@achi
|
|
102
|
|
@aCN@b110000
|
|
105
|
|
@ay z 000yy
|
|
106
|
|
@ar
|
|
200
|
1
|
@a商务文书模板速查手册@Ashang wu wen shu mo ban su cha shou ce@f伟业管理咨询公司编
|
|
210
|
|
@a北京@c中国言实出版社@d2008
|
|
215
|
|
@a466页@d26cm
|
|
225
|
2
|
@a规范管理模板手册
|
|
330
|
|
@a本书内容包括:公务文书、计划、报告、总结、规章制度、商务信函、工商税务类文书写作格式与规范等。
|
|
461
|
0
|
@12001 @a规范管理模板手册
|
|
606
|
0
|
@a企业管理@j手册
|
|
690
|
|
@aF270@v4
|
|
711
|
02
|
@a伟业管理咨询公司@Awei ye guan li zi xun gong si@4编
|
|
801
|
|
@aCN@bBJHZ@c20091201
|
|
905
|
|
@dF270@e180
|
|
|
|
|
| |
| 商务文书模板速查手册/伟业管理咨询公司编.-北京:中国言实出版社,2008 |
| 466页;26cm.-(规范管理模板手册) |
| |
| |
| ISBN 978-7-80250-042-6:CNY48.00 |
| 本书内容包括:公务文书、计划、报告、总结、规章制度、商务信函、工商税务类文书写作格式与规范等。 |
| ● |
正题名:商务文书模板速查手册
索取号:F270/180
 
预约/预借
| 序号
|
登录号
|
条形码
|
馆藏地/架位号
|
状态
|
备注
|
|
1
|
274104
|
300274104
|
柳城密-1楼/13架2列1层/
[索取号:F270/180]
|
在馆
|
|
|
2
|
274105
|
300274105
|
柳城密-1楼/13架2列1层/
[索取号:F270/180]
|
在馆
|
|
|
3
|
274106
|
300274106
|
柳城密-1楼/13架2列1层/
[索取号:F270/180]
|
在馆
|
|
|
4
|
274107
|
300274107
|
柳城密-1楼/13架2列1层/
[索取号:F270/180]
|
在馆
|
|
|
5
|
274108
|
300274108
|
柳城密-1楼/13架2列1层/
[索取号:F270/180]
|
在馆
|
|